[Event "MCA Champions"]
[Site "Winnipeg"]
[Date "2014.12.16"]
[Round "6"]
[White "Bince, Rolando"]
[Black "Lipnowski, Samuel"]
[Result "0-1"]
[WhiteElo "2015"]
[BlackElo "2176"]
[PlyCount "86"]
[EventDate "2014.11.04"]
[EventType "swiss"]
[EventRounds "6"]
[EventCountry "CAN"]
[SourceTitle "EXT 2019"]
[Source "ChessBase"]
[SourceDate "2018.10.10"]
[SourceVersion "1"]
[SourceVersionDate "2018.10.10"]
[SourceQuality "1"]

1. f4 d5 2. Nf3 Nf6 3. b3 g6 4. Bb2 Bg7 5. g3 0-0 6. Bg2 c6 7. d3 Ng4 8. d4 Ne3 9. Qd2 Nxg2+ 10. Kf2 Nxf4 11. gxf4 Bf5 12. h4 h5 13. Qe3 Nd7 14. c3 Nf6 15. Kg2 Qd7 16. Nbd2 Ng4 17. Qg1 Qe6 18. Re1 Ne3+ 19. Kg3 Nc2 20. Ng5 Qe3+ 21. Qxe3 Nxe3 22. Nf1 Nxf1+ 23. Rhxf1 e6 24. Ba3 Rfe8 25. e3 a5 26. Rf2 a4 27. b4 f6 28. Nf3 b5 29. Bc1 Ra7 30. a3 Rd7 31. Bd2 Be4 32. Ng1 e5 33. fxe5 fxe5 34. Nh3 Bf5 35. Ng5 Rde7 36. Nf3 exd4 37. exd4 Rxe1 38. Nxe1 Be4 39. Bg5 Rf8 40. Re2 Rf5 41. Ng2 Rf3+ 42. Kh2 Rxc3 43. Re3 Rc2 0-1

[Event "MCA Champions"]
[Site "Winnipeg"]
[Date "2014.11.04"]
[Round "1"]
[White "Raihman, Igal"]
[Black "Lipnowski, Samuel"]
[Result "1/2-1/2"]
[WhiteElo "1934"]
[BlackElo "2176"]
[PlyCount "53"]
[EventDate "2014.11.04"]
[EventType "swiss"]
[EventRounds "6"]
[EventCountry "CAN"]
[SourceTitle "EXT 2019"]
[Source "ChessBase"]
[SourceDate "2018.10.10"]
[SourceVersion "1"]
[SourceVersionDate "2018.10.10"]
[SourceQuality "1"]

1. e4 e5 2. Nf3 Nc6 3. Bb5 Nf6 4. 0-0 Nxe4 5. Re1 Nd6 6. Nxe5 Nxe5 7. Rxe5+ Be7 8. Bd3 0-0 9. Qh5 g6 10. Qh6 f5 11. Nc3 Bg5 12. Qh3 Re8 13. Qg3 Rxe5 14. Qxe5 Qe7 15. Qxe7 Bxe7 16. Nd5 Bd8 17. b3 c6 18. Ba3 cxd5 19. Bxd6 b6 20. Re1 Kf7 21. a4 Bb7 22. b4 Rc8 23. b5 Bf6 24. c3 d4 25. cxd4 Bxd4 26. Ba3 Bf6 27. Bb4 1/2-1/2

[Event "Winnipeg TNT October op"]
[Site "Winnipeg"]
[Date "2014.10.07"]
[Round "1.4"]
[White "Lipnowski, Samuel"]
[Black "Green, Jim"]
[Result "1-0"]
[WhiteElo "2218"]
[BlackElo "1882"]
[PlyCount "73"]
[EventDate "2014.10.07"]
[EventType "swiss"]
[EventRounds "4"]
[EventCountry "CAN"]
[SourceTitle "EXT 2022"]
[Source "ChessBase"]
[SourceDate "2021.10.06"]
[SourceVersion "1"]
[SourceVersionDate "2021.10.06"]
[SourceQuality "1"]

1. c4 b6 2. d4 e6 3. Nf3 Bb7 4. Nc3 Bb4 5. Qb3 c5 6. a3 Bxc3+ 7. Qxc3 Nf6 8. dxc5 bxc5 9. Bf4 0-0 10. 0-0-0 Ne4 11. Qe1 d5 12. e3 Qb6 13. Nd2 d4 14. Nxe4 Bxe4 15. exd4 Bg6 16. Qe3 cxd4 17. Qxd4 Qb3 18. Bd3 Nc6 19. Qc3 Qxc3+ 20. bxc3 e5 21. Be3 e4 22. Be2 Ne5 23. Rd5 Nd3+ 24. Kc2 Rfc8 25. Rb1 a6 26. f3 Rab8 27. Rxb8 Rxb8 28. fxe4 Ne1+ 29. Kd2 Nxg2 30. Bf3 Nxe3 31. Kxe3 f6 32. Rd6 Rb3 33. Kd4 Rxa3 34. c5 Ra4+ 35. c4 Kf8 36. c6 Bf7 37. Be2 1-0

[Event "Manitoba-ch"]
[Site "Winnipeg"]
[Date "2014.07.12"]
[Round "2"]
[White "Lipnowski, Samuel"]
[Black "Boron, Anthony"]
[Result "1/2-1/2"]
[WhiteElo "2171"]
[BlackElo "1939"]
[PlyCount "92"]
[EventDate "2014.05.06"]
[EventType "k.o."]
[EventRounds "4"]
[EventCountry "CAN"]
[SourceTitle "EXT 2019"]
[Source "ChessBase"]
[SourceDate "2018.10.10"]
[SourceVersion "1"]
[SourceVersionDate "2018.10.10"]
[SourceQuality "1"]

1. c4 b6 2. e4 Bb7 3. Nc3 e6 4. d4 Bb4 5. f3 Ne7 6. a3 Bxc3+ 7. bxc3 f5 8. e5 0-0 9. Bg5 h6 10. Bh4 Qe8 11. Bd3 Nbc6 12. Ne2 Na5 13. Rb1 Rc8 14. c5 g5 15. Bf2 Bd5 16. Qa4 Ng6 17. 0-0 Qe7 18. cxb6 cxb6 19. Qb4 Qg7 20. Bb5 h5 21. Qd6 Nc4 22. Bxc4 Bxc4 23. Rfe1 Bxe2 24. Rxe2 Rxc3 25. a4 Rfc8 26. a5 Qe7 27. Qxe7 Nxe7 28. axb6 Rc1+ 29. Re1 Rxe1+ 30. Bxe1 axb6 31. Rxb6 Rc1 32. Kf2 Rc2+ 33. Kf1 Nd5 34. Rb3 f4 35. Bf2 Kf7 36. Rb1 Nc3 37. Ra1 Nd5 38. Re1 Nb4 39. Re2 Rc1+ 40. Re1 Rc4 41. Re2 Nd3 42. Rd2 Nb4 43. h3 Nd5 44. Ke2 Rc3 45. Rb2 Ra3 46. Kd2 h4 1/2-1/2

[Event "Manitoba-ch"]
[Site "Winnipeg"]
[Date "2014.06.22"]
[Round "2"]
[White "Boron, Anthony"]
[Black "Lipnowski, Samuel"]
[Result "0-1"]
[WhiteElo "1939"]
[BlackElo "2171"]
[PlyCount "84"]
[EventDate "2014.05.06"]
[EventType "k.o."]
[EventRounds "4"]
[EventCountry "CAN"]
[SourceTitle "EXT 2019"]
[Source "ChessBase"]
[SourceDate "2018.10.10"]
[SourceVersion "1"]
[SourceVersionDate "2018.10.10"]
[SourceQuality "1"]

1. Nf3 Nf6 2. c4 g6 3. b4 Bg7 4. Bb2 0-0 5. g3 d5 6. cxd5 Qxd5 7. Nc3 Qh5 8. h4 c6 9. Bg2 Na6 10. a3 Nc7 11. 0-0 Rd8 12. Qc2 Bf5 13. d3 a5 14. Rfe1 Bd7 15. Na4 axb4 16. axb4 Qb5 17. Be5 Ncd5 18. Qb3 Qxb4 19. Reb1 Qxb3 20. Rxb3 b5 21. Nc5 Rxa1+ 22. Bxa1 Ra8 23. Bxf6 Nxf6 24. Ne5 Ra1+ 25. Kh2 Ng4+ 26. Nxg4 Bxg4 27. e3 Bd1 28. Rb4 Bc3 29. Rf4 f5 30. d4 e5 31. dxe5 Bxe5 32. Rb4 Bd6 33. Bxc6 Bxc5 34. Rxb5 Rc1 35. Rb7 h6 36. Bd5+ Kh8 37. Kg2 Bc2 38. Kf3 Rd1 39. Rb8+ Kg7 40. Ba8 Rd7 41. Rc8 Bd1+ 42. Kf4 Bd6# 0-1

[Event "Winnipeg TNT March op"]
[Site "Winnipeg"]
[Date "2014.03.11"]
[Round "2.4"]
[White "Lipnowski, Samuel"]
[Black "Wolchock, Theo"]
[Result "1-0"]
[WhiteElo "2233"]
[BlackElo "1947"]
[PlyCount "69"]
[EventDate "2014.03.04"]
[EventType "swiss"]
[EventRounds "4"]
[EventCountry "CAN"]
[SourceTitle "EXT 2022"]
[Source "ChessBase"]
[SourceDate "2021.10.06"]
[SourceVersion "1"]
[SourceVersionDate "2021.10.06"]
[SourceQuality "1"]

1. c4 c5 2. g3 g6 3. Bg2 Bg7 4. Nc3 Nc6 5. Nf3 Nf6 6. d4 cxd4 7. Nxd4 0-0 8. Nc2 d6 9. 0-0 Bd7 10. Bd2 Qc8 11. Ne3 Ne5 12. Ncd5 Nxd5 13. Nxd5 Re8 14. Rc1 Bh3 15. Qb3 Bxg2 16. Kxg2 Qc6 17. f3 e6 18. Ne3 Nd7 19. Bc3 Bh6 20. Bd2 Nc5 21. Qc2 Bg7 22. Rfd1 Red8 23. b3 Rac8 24. Qb1 b6 25. Rc2 Qb7 26. Bc3 Bxc3 27. Rxc3 d5 28. cxd5 exd5 29. Rc2 d4 30. Ng4 Ne6 31. Rdc1 Qa6 32. Rxc8 Qxe2+ 33. Nf2 Rxc8 34. Rxc8+ Kg7 35. Qe4 1-0

[Event "Winnipeg TNT July op"]
[Site "Winnipeg"]
[Date "2013.07.23"]
[Round "4"]
[White "Lipnowski, Samuel"]
[Black "Atem, James"]
[Result "0-1"]
[WhiteElo "2248"]
[BlackElo "1805"]
[PlyCount "166"]
[EventDate "2013.07.02"]
[EventType "swiss"]
[EventRounds "5"]
[EventCountry "CAN"]
[SourceTitle "EXT 2022"]
[Source "ChessBase"]
[SourceDate "2021.10.06"]
[SourceVersion "1"]
[SourceVersionDate "2021.10.06"]
[SourceQuality "1"]

1. e4 c5 2. Nf3 d6 3. d4 Nd7 4. c3 e6 5. Bd3 Qb6 6. 0-0 Be7 7. Na3 d5 8. exd5 exd5 9. Re1 c4 10. Bf5 Qf6 11. Bh3 a6 12. Qa4 Qc6 13. Qc2 Kf8 14. Bf4 Ngf6 15. Qe2 Bxa3 16. bxa3 Ne4 17. Ng5 h6 18. Nxe4 dxe4 19. Qxe4 Qxe4 20. Rxe4 Nf6 21. Re3 Bxh3 22. Rxh3 Nd5 23. Bd2 f6 24. Re1 Kf7 25. Rh5 Rad8 26. Rf5 g6 27. Rf3 Rde8 28. Kf1 Rxe1+ 29. Kxe1 Re8+ 30. Kd1 h5 31. h3 Ke6 32. Kc2 Kd6 33. Kd1 Kc6 34. Rg3 g5 35. Rf3 Re6 36. h4 gxh4 37. Rf5 Re4 38. Rxh5 Rg4 39. Ke2 Rxg2 40. Rxh4 Rg1 41. Be1 f5 42. Rh6+ Kc7 43. Rh7+ Kb6 44. Rh6+ Kb5 45. Rd6 Nf4+ 46. Kf3 Nd3 47. Bd2 Rf1 48. Bg5 Rxf2+ 49. Ke3 f4+ 50. Ke4 Re2+ 51. Kd5 Rxa2 52. Bd8 Rb2 53. Rb6+ Ka4 54. Kxc4 Rxb6 55. Bxb6 Nb2+ 56. Kc5 f3 57. d5 f2 58. d6 f1Q 59. d7 Qb5+ 60. Kd6 Qxb6+ 61. Ke7 Nd1 62. c4 Ne3 63. d8Q Qxd8+ 64. Kxd8 Nxc4 65. Kc7 b5 66. Kc6 Nxa3 67. Kb6 a5 68. Kc5 b4 69. Kd4 Kb3 70. Kd3 Nc4 71. Ke2 Kc2 72. Kf3 b3 73. Ke4 b2 74. Kd4 Kb3 75. Kc5 b1Q 76. Kd4 Qg6 77. Kd5 Qd6+ 78. Ke4 Qe5+ 79. Kf3 Kc2 80. Kg4 Kd3 81. Kf3 Qg5 82. Kf2 Qg4 83. Kf1 Ke3 0-1

[Event "Winnipeg TNT May op"]
[Site "Winnipeg"]
[Date "2013.05.07"]
[Round "1"]
[White "Lipnowski, Samuel"]
[Black "Baron, Gustav L"]
[Result "1-0"]
[WhiteElo "2224"]
[BlackElo "1854"]
[PlyCount "65"]
[EventDate "2013.05.07"]
[EventType "swiss"]
[EventRounds "4"]
[EventCountry "CAN"]
[SourceTitle "EXT 2022"]
[Source "ChessBase"]
[SourceDate "2021.10.06"]
[SourceVersion "1"]
[SourceVersionDate "2021.10.06"]
[SourceQuality "1"]

1. e4 c6 2. d4 d5 3. e5 Bf5 4. h4 h6 5. g4 Bh7 6. Bd3 Bxd3 7. Qxd3 e6 8. f4 Nd7 9. f5 exf5 10. gxf5 Qe7 11. Ne2 0-0-0 12. c3 Kb8 13. Bf4 Ka8 14. Nd2 c5 15. 0-0-0 Nb6 16. Kb1 Qd7 17. Bg3 c4 18. Qf3 Ne7 19. Rhf1 Nec8 20. Qg4 Qb5 21. Ka1 Qc6 22. e6 h5 23. Qh3 fxe6 24. fxe6 Re8 25. Nf4 Bd6 26. Rde1 Rh6 27. Qf5 Qc7 28. Qg5 Qe7 29. Nf3 Qxg5 30. Nxg5 Bxf4 31. Bxf4 a6 32. Be5 g6 33. Bg7 1-0

[Event "MCA Champions"]
[Site "Winnipeg"]
[Date "2012.12.11"]
[Round "6"]
[White "Johnson, Frank B"]
[Black "Lipnowski, Samuel"]
[Result "1-0"]
[WhiteElo "2155"]
[BlackElo "2196"]
[PlyCount "139"]
[EventDate "2012.11.06"]
[EventType "swiss"]
[EventRounds "6"]
[EventCountry "CAN"]
[SourceTitle "EXT 2019"]
[Source "ChessBase"]
[SourceDate "2018.10.10"]
[SourceVersion "1"]
[SourceVersionDate "2018.10.10"]
[SourceQuality "1"]

1. e4 e5 2. Nf3 Nc6 3. Bb5 Nf6 4. 0-0 Nxe4 5. d4 Nd6 6. Bxc6 dxc6 7. dxe5 Nf5 8. Qxd8+ Kxd8 9. Nc3 Ne7 10. h3 Ng6 11. Rd1+ Ke8 12. Ne2 h6 13. b3 c5 14. c4 a5 15. Nc3 c6 16. Be3 b6 17. Rd2 Bf5 18. Rad1 Be7 19. g4 Be6 20. Kg2 h5 21. Kg3 hxg4 22. hxg4 Rd8 23. Rxd8+ Bxd8 24. Re1 Bc7 25. Bf4 Nxf4 26. Kxf4 f6 27. g5 fxe5+ 28. Ke4 Rf8 29. Nxe5 Rxf2 30. Nxc6 Bf4 31. Nd5 Bxg5 32. Nxb6 Rxa2 33. Ke5 Kf7 34. Kd6 Bf4+ 35. Kxc5 Rd2 36. Nd5 Bxd5 37. cxd5 g5 38. Nxa5 Rf2 39. Nc4 g4 40. d6 g3 41. d7 Bc7 42. Ne5+ Kg7 43. Nc6 g2 44. Rg1 Rc2+ 45. Kb5 Rd2 46. d8Q Bxd8 47. Nxd8 Rxd8 48. Rxg2+ Kf6 49. Re2 Rb8+ 50. Kc4 Rc8+ 51. Kd4 Rd8+ 52. Kc3 Rc8+ 53. Kb2 Kf5 54. b4 Kf4 55. Kb3 Kf3 56. Re7 Rc1 57. b5 Rb1+ 58. Kc4 Kf4 59. Kc5 Rc1+ 60. Kd5 Rb1 61. Kc6 Rc1+ 62. Kb7 Kf5 63. b6 Kf6 64. Re2 Kf5 65. Kb8 Kf6 66. b7 Rc3 67. Ra2 Ke7 68. Ka8 Rb3 69. b8Q Rxb8+ 70. Kxb8 1-0

[Event "Manitoba-ch"]
[Site "Winnipeg"]
[Date "2011.05.24"]
[Round "2.2"]
[White "Lipnowski, Samuel"]
[Black "Zaczek, Jonathon"]
[Result "1/2-1/2"]
[WhiteElo "2216"]
[BlackElo "2126"]
[PlyCount "86"]
[EventDate "2011.04.05"]
[EventType "k.o."]
[EventRounds "3"]
[EventCountry "CAN"]
[SourceTitle "EXT 2019"]
[Source "ChessBase"]
[SourceDate "2018.10.10"]
[SourceVersion "1"]
[SourceVersionDate "2018.10.10"]
[SourceQuality "1"]

1. e4 c5 2. Nf3 d6 3. d4 cxd4 4. Nxd4 Nf6 5. Nc3 a6 6. f3 e6 7. Be3 b5 8. Qd2 Nbd7 9. g4 h6 10. 0-0-0 Bb7 11. h4 Ne5 12. Rg1 Qa5 13. g5 hxg5 14. hxg5 b4 15. Nb1 Nfd7 16. a3 d5 17. f4 Nc6 18. Nb3 Qc7 19. exd5 exd5 20. a4 0-0-0 21. Bg2 d4 22. Nxd4 Nc5 23. Bxc6 Bxc6 24. Qe2 Bxa4 25. Qc4 Rh2 26. Nd2 Bb5 27. Nxb5 axb5 28. Qxb5 Nb3+ 29. Kb1 Nxd2+ 30. Bxd2 Rdxd2 31. Qa6+ Kb8 32. Qb5+ Kc8 33. Rxd2 Rxd2 34. Qf5+ Qd7 35. Qe4 Kb8 36. Qe5+ Bd6 37. Qe3 Bc7 38. Qf3 Qd5 39. Qe3 Rd1+ 40. Rxd1 Qxd1+ 41. Ka2 Qxc2 42. Qe8+ Ka7 43. Qxf7 Qa4+ 1/2-1/2

[Event "Winnipeg MCA Champions"]
[Site "Winnipeg"]
[Date "2010.11.23"]
[Round "4"]
[White "Lipnowski, Samuel"]
[Black "Zaczek, Jonathon"]
[Result "1/2-1/2"]
[WhiteElo "2262"]
[BlackElo "2272"]
[PlyCount "31"]
[EventDate "2010.11.02"]
[EventType "swiss"]
[EventRounds "6"]
[EventCountry "CAN"]
[SourceTitle "EXT 2019"]
[Source "ChessBase"]
[SourceDate "2018.10.10"]
[SourceVersion "1"]
[SourceVersionDate "2018.10.10"]
[SourceQuality "1"]

1. e4 c5 2. Nf3 d6 3. d4 cxd4 4. Nxd4 Nf6 5. Nc3 a6 6. f3 e6 7. Be3 b5 8. g4 h6 9. Qd2 Nbd7 10. 0-0-0 Bb7 11. h4 Nb6 12. Bd3 Nfd7 13. Qf2 Rc8 14. Nce2 Qc7 15. Kb1 Nc5 16. Ng3 1/2-1/2